Europe Capitals in Three Minutes - Statistics

General Stats
  • This quiz has been taken 457 times
  • The average score is 38 of 45
Answer Stats
capital city % Correct
Madrid
96%
Oslo
95%
Lisbon
94%
London
94%
Paris
94%
Amsterdam
93%
Berlin
93%
Rome
93%
Stockholm
92%
Brussels
91%
Helsinki
91%
Moscow
91%
Warsaw
91%
Dublin
90%
Vienna
90%
Athens
89%
Bern
89%
Budapest
89%
Kyiv
88%
Vatican City
88%
Bucharest
87%
Luxembourg
87%
Riga
86%
Sofia
86%
Prague
85%
San Marino
85%
Zagreb
84%
Copenhagen
83%
Monaco
83%
Tallinn
83%
Reykjavik
82%
Andorra la Vella
80%
Minsk
80%
Bratislava
77%
Sarajevo
77%
Vilnius
76%
Belgrade
74%
Ljubljana
73%
Valletta
71%
Skopje
70%
Tirana
70%
Vaduz
69%
Chișinău
68%
Podgorica
67%
Pristina
65%
No matching quizzes found
Score Distribution
Percent of People with Each Score
Percentile by Number Answered
Your Score History
You have not taken this quiz